La externalización del estado social : la atención a la vulnerabilidad en vivienda, suministros esenciales y sistema de pagos /

Bibliographic Details
Other Authors: Porta Pego, Belén (Editor)
Format: Electronic eBook
Language:Spanish
Published: Madrid : Marcial Pons, Ediciones jurídicas y sociales, S. A., 2024.
Series:Monografías jurídicas (Madrid, Spain)
Subjects:
Online Access:Digitalia Hispánica

MARC

LEADER 00000nam a2200000Ii 4500
001 DIGMPONS0622
003 NyNyDIG
006 m o d
007 cr |||||||||||
008 251015s2024 sp a ob 000 0 spa d
035 |a (OCoLC)1546812456 
040 |a DGITA  |b eng  |e rda  |e pn  |c DGITA 
020 |z 9788413819143 
024 7 |a https://doi.org/10.37417/externalizacion-del-Estado-social 
043 |a e-sp--- 
050 1 4 |a HD3861.S7 ebook 
245 0 3 |a La externalización del estado social :  |b la atención a la vulnerabilidad en vivienda, suministros esenciales y sistema de pagos /  |c Belén Porta Pego (coord.). 
264 1 |a Madrid :  |b Marcial Pons, Ediciones jurídicas y sociales, S. A.,  |c 2024. 
300 |a 1 online resource :  |b illustrations. 
336 |a text  |b txt  |2 rdacontent 
337 |a computer  |b c  |2 rdamedia 
338 |a online resource  |b cr  |2 rdacarrier 
347 |a text file  |2 rdaft 
347 |b PDF 
504 |a Includes bibliographical references. 
588 0 |a Online resource; title from PDF title page (Digitalia, viewed October 15, 2025) 
650 0 |a Contracting out  |z Spain. 
650 0 |a Social responsibility of business  |z Spain. 
650 0 |a Welfare state  |z Spain. 
700 1 |a Porta Pego, Belén,  |e editor. 
776 0 8 |i Print version:  |t Externalización del estado social.  |d Madrid : Marcial Pons, Ediciones jurídicas y sociales, S. A., 2024  |z 9788413819143 
791 2 |a Digitalia (Firm),  |e distributor. 
793 0 |g Digitalia eBook Collection:  |a Marcial Pons 
830 0 |a Monografías jurídicas (Madrid, Spain) 
856 4 0 |3 Digitalia Hispánica  |u https://www.digitaliapublishing.com/a/181018/ 
910 |a Premium collection: 2025